[Event "IHEM 2004"]
[Site "Hamburg"]
[Date "2004.06.02"]
[Round "5.18"]
[White "Limbach, Torsten"]
[Black "Guzmann, Enrique"]
[Result "0-1"]
[WhiteElo "2079"]
[BlackElo "2230"]
[PlyCount "52"]
[EventDate "2004.??.??"]

1. c4 e5 2. g3 d6 3. Bg2 f5 4. d4 exd4 5. Qxd4 Nc6 6. Qe3+ Be7 7. Nh3 Nf6 8.
Nf4 Ne5 9. b3 g5 10. Nd5 c6 11. Nxe7 Qxe7 12. O-O f4 13. Qc3 Bg4 14. f3 Be6 15.
e4 O-O-O 16. Ba3 Qc7 17. Bb2 fxg3 18. hxg3 Nh5 19. f4 gxf4 20. gxf4 Rhg8 21. f5
Rg3 22. Qe1 Rdg8 23. Bxe5 Rxg2+ 24. Kh1 dxe5 25. Rf3 Qg7 26. Nd2 Rh2+ 0-1

[Event "IHEM 2004"]
[Site "Hamburg"]
[Date "2004.06.02"]
[Round "6.2"]
[White "Handke, Florian"]
[Black "Rozentalis, Eduardas"]
[Result "1/2-1/2"]
[WhiteElo "2456"]
[BlackElo "2619"]
[PlyCount "81"]
[EventDate "2004.??.??"]

1. d4 Nf6 2. Nf3 e6 3. g3 b6 4. Bg2 Bb7 5. O-O Be7 6. c4 O-O 7. d5 exd5 8. Nh4
c6 9. cxd5 cxd5 10. Nf5 Na6 11. Nc3 Nc7 12. Bf4 d6 13. Re1 Re8 14. Rc1 Bf8 15.
Ne3 Rc8 16. Qa4 a6 17. Qb3 b5 18. Ncxd5 Nfxd5 19. Nxd5 Nxd5 20. Bxd5 Bxd5 21.
Qxd5 Rc5 22. Qb7 Qc8 23. Qb6 d5 24. Rxc5 Bxc5 25. Qc7 Qxc7 26. Bxc7 Bb4 27. Rc1
g5 28. Kf1 Rc8 29. Bf4 Rxc1+ 30. Bxc1 g4 31. h3 f5 32. hxg4 fxg4 33. f3 h5 34.
fxg4 hxg4 35. Bf4 Kf7 36. Kf2 Bc5+ 37. Ke1 Bd4 38. b3 Ke6 39. Kd2 Kf5 40. Kd3
Bb2 41. Bc7 1/2-1/2

[Event "IHEM 2004"]
[Site "Hamburg"]
[Date "2004.06.02"]
[Round "6.4"]
[White "Souleidis, Georgios"]
[Black "Rogozenko, Dorian"]
[Result "1/2-1/2"]
[WhiteElo "2398"]
[BlackElo "2531"]
[PlyCount "121"]
[EventDate "2004.??.??"]

1. e4 c5 2. Nf3 e6 3. d4 cxd4 4. Nxd4 Nf6 5. Nc3 Nc6 6. Nxc6 bxc6 7. Bd3 e5 8.
O-O Be7 9. f4 d6 10. Kh1 O-O 11. Qf3 a5 12. b3 exf4 13. Bxf4 Ng4 14. Rad1 Bf6
15. Ne2 Ne5 16. Qf2 a4 17. Ng3 axb3 18. axb3 g6 19. h3 Bg7 20. Ne2 Qe7 21. Nd4
c5 22. Bxe5 Qxe5 23. Nf3 Qe7 24. Bc4 Be6 25. Bd5 Ra2 26. Rfe1 Re8 27. b4 Rb2
28. bxc5 dxc5 29. Rb1 Rxb1 30. Rxb1 Bxd5 31. exd5 Rd8 32. c4 Qe4 33. Qf1 h6 34.
Re1 Qf4 35. Qd3 Qg3 36. Qe3 Bf8 37. Qe5 Qxe5 38. Nxe5 Bd6 39. Kg1 Ra8 40. Nd3
Ra3 41. Nf2 {(=)} f5 42. g4 Bg3 43. Re6 f4 44. Ne4 Bh4 45. Rxg6+ Kh7 46. Rb6 f3
47. Rb1 Re3 48. Nd2 Rd3 49. Ne4 Rd4 50. Nxc5 Rxc4 51. Nd3 Rd4 52. Ne5 f2+ 53.
Kg2 Rxd5 54. Nf3 Bf6 55. Kxf2 h5 56. Kg3 hxg4 57. hxg4 Ra5 58. Rb6 Kg7 59. Rb7+
Kg6 60. Rb6 Kg7 61. Rb7+ 1/2-1/2

[Event "IHEM 2004"]
[Site "Hamburg"]
[Date "2004.06.02"]
[Round "6.5"]
[White "Moreno Carnero, Javier"]
[Black "Farago, Ivan"]
[Result "1-0"]
[WhiteElo "2525"]
[BlackElo "2507"]
[PlyCount "75"]
[EventDate "2004.??.??"]

1. e4 e6 2. d4 d5 3. Nc3 Bb4 4. exd5 exd5 5. Bd3 Nc6 6. a3 Bxc3+ 7. bxc3 Be6 8.
Rb1 b6 9. Ne2 Nge7 10. O-O Qd7 11. Nf4 Bf5 12. Nh5 O-O 13. h3 f6 14. a4 Rae8
15. Ba3 Bxd3 16. cxd3 Rf7 17. Re1 Ng6 18. Qb3 Rxe1+ 19. Rxe1 Nd8 20. Qb5 Qxb5
21. axb5 Rd7 22. f4 Kf7 23. f5 Nf8 24. Nf4 g6 25. g4 gxf5 26. gxf5 Nb7 27. Kf2
Nd6 28. Bxd6 Rxd6 29. Ra1 Rd7 30. Rxa7 Ke7 31. Ra8 Kf7 32. Kf3 Kg7 33. Rc8 Kf7
34. h4 Kg7 35. Ng2 Kf7 36. Ne3 Kg7 37. Nc2 Kf7 38. Nb4 1-0

[Event "IHEM 2004"]
[Site "Hamburg"]
[Date "2004.06.02"]
[Round "6.6"]
[White "Hector, Johnny"]
[Black "Haba, Petr"]
[Result "1/2-1/2"]
[WhiteElo "2512"]
[BlackElo "2513"]
[PlyCount "87"]
[EventDate "2004.??.??"]

1. e4 c5 2. Nf3 e6 3. d4 cxd4 4. Nxd4 Nc6 5. Nc3 Qc7 6. Be3 a6 7. Bd3 Nf6 8.
O-O Nxd4 9. Bxd4 Bc5 10. Be2 d6 11. Qd3 Bxd4 12. Qxd4 e5 13. Qb4 Be6 14. Rad1
Qc5 15. a3 Qxb4 16. axb4 Ke7 17. Rd2 Rhc8 18. f3 Bc4 19. Ra1 Bxe2 20. Nxe2 Ke6
21. Ng3 g6 22. Nf1 d5 23. exd5+ Nxd5 24. Rad1 Nf6 25. Rd6+ Ke7 26. Ne3 Rd8 27.
Rb6 Rxd1+ 28. Nxd1 Nd7 29. Rxb7 Kd6 30. b5 axb5 31. Nc3 Kc6 32. Rxb5 Ra1+ 33.
Kf2 Rc1 34. Rb4 Rxc2+ 35. Kg3 Nf6 36. Kh3 Nh5 37. g3 f5 38. Rc4+ Kd7 39. Rc5
Ke6 40. Rc6+ Kf7 41. Rc7+ Ke6 42. Rc6+ Kf7 43. Rc7+ Ke6 44. Rc6+ 1/2-1/2

[Event "IHEM 2004"]
[Site "Hamburg"]
[Date "2004.06.02"]
[Round "6.7"]
[White "Sawadkuhi, Massoud"]
[Black "Pajeken, Wolfgang"]
[Result "1/2-1/2"]
[WhiteElo "2254"]
[BlackElo "2323"]
[PlyCount "30"]
[EventDate "2004.??.??"]

1. e4 Nf6 2. Nc3 d5 3. e5 Ne4 4. Nxe4 dxe4 5. d4 exd3 6. Bxd3 Nc6 7. f4 Nb4 8.
Bb5+ Bd7 9. Bxd7+ Qxd7 10. Qxd7+ Kxd7 11. Kd1 Rd8 12. Bd2 e6 13. Nf3 Be7 14.
Re1 Kc8 15. Re4 Rd7 {(=)} 1/2-1/2

[Event "IHEM 2004"]
[Site "Hamburg"]
[Date "2004.06.02"]
[Round "6.8"]
[White "Cording, Harm"]
[Black "Siebrecht, Sebastian"]
[Result "1-0"]
[WhiteElo "2253"]
[BlackElo "2369"]
[PlyCount "81"]
[EventDate "2004.??.??"]

1. d4 Nf6 2. c4 g6 3. Nc3 Bg7 4. e4 O-O 5. Bd3 d6 6. Nge2 e5 7. d5 a5 8. Ng3
Na6 9. O-O Bd7 10. h3 c6 11. Qe2 Nc5 12. Bc2 Qb8 13. a4 Qc7 14. Ra3 Rae8 15.
Be3 cxd5 16. cxd5 h5 17. Rc1 h4 18. Nf1 Nh5 19. Nd2 Nf4 20. Qf1 b6 21. Nb5 Qb8
22. Nc4 Bxb5 23. axb5 f5 24. Rd1 Qd8 25. Kh2 Rf7 26. g3 Nh5 27. exf5 gxf5 28.
Bxc5 dxc5 29. Qe2 f4 30. Qxh5 fxg3+ 31. Kg2 gxf2 32. Kf1 e4 33. Re3 Rf4 34. Nd6
Re5 35. Qg6 Rf6 36. Nb7 Qd7 37. Qg4 Qxb7 38. d6 Qb8 39. d7 Rf8 40. Bb3+ Kh7 41.
d8=Q 1-0

[Event "IHEM 2004"]
[Site "Hamburg"]
[Date "2004.06.02"]
[Round "6.9"]
[White "Voigt, Martin"]
[Black "Von Buelow, Georg"]
[Result "0-1"]
[WhiteElo "2258"]
[BlackElo "2339"]
[PlyCount "128"]
[EventDate "2004.??.??"]

1. e4 c5 2. Nf3 Nc6 3. d4 cxd4 4. Nxd4 Nf6 5. Nc3 d6 6. Bc4 Qb6 7. Nb3 e6 8.
O-O Be7 9. a4 O-O 10. a5 Qc7 11. Bd3 Bd7 12. Be3 Nb4 13. f4 e5 14. h3 Bc6 15.
Qe2 Nxd3 16. cxd3 Qd7 17. Nd2 exf4 18. Rxf4 Qe6 19. Qf2 a6 20. Nf3 Nh5 21. Nd4
Qd7 22. Rf3 g6 23. Bh6 Ng7 24. Nc2 f5 25. Nb4 fxe4 26. dxe4 Rxf3 27. Qxf3 Rf8
28. Qd3 Bf6 29. Nxc6 Qxc6 30. Nd5 Bh4 31. Rc1 Qe8 32. Rc7 Rf7 33. Qc4 Ne6 34.
Rxf7 Qxf7 35. Nf4 Nf8 36. Qd4 Be7 37. Nd5 Bd8 38. b4 Ne6 39. Qe3 Qd7 40. Qf2
Qf7 41. Qg3 Be7 42. Bd2 Kf8 43. Qc3 Bd8 44. Be1 Nc7 45. Bg3 Nxd5 46. exd5 Ke7
47. Qc4 Qf5 48. Kh2 g5 49. Kg1 h5 50. h4 Kd7 51. hxg5 Bxg5 52. b5 Qb1+ 53. Kh2
Be3 54. Bh4 Bg1+ 55. Kg3 axb5 56. Qe2 Qg6+ 57. Kh3 Qf5+ 58. Kg3 Qxd5 59. Qe7+
Kc6 60. Qe8+ Kc5 61. Bf6 Qf5 62. Qe2 Qxf6 63. Qc2+ Kd5 64. Qb3+ Kc6 0-1

[Event "IHEM 2004"]
[Site "Hamburg"]
[Date "2004.06.02"]
[Round "6.10"]
[White "Hess, Christian"]
[Black "Vandrey, Wolfgang"]
[Result "1/2-1/2"]
[WhiteElo "2305"]
[BlackElo "2302"]
[PlyCount "64"]
[EventDate "2004.??.??"]

1. Nf3 Nf6 2. c4 d6 3. d4 Nbd7 4. Nc3 e5 5. e4 Be7 6. Be2 O-O 7. O-O c6 8. Be3
a6 9. d5 cxd5 10. cxd5 b5 11. Nd2 Ne8 12. b4 Bg5 13. Bxg5 Qxg5 14. a4 bxa4 15.
Nf3 Qe7 16. Qxa4 Rb8 17. Rfb1 Nb6 18. Qa5 Nc7 19. Rc1 Bg4 20. Nxe5 Qxe5 21.
Bxg4 Nb5 22. Nxb5 axb5 23. Qxb5 Qxe4 24. Bf3 Qf5 25. Qa6 Qf4 26. Qb5 Rfd8 27.
Qd3 Qxb4 28. Rab1 Qf4 29. g3 Qf6 30. Rc7 Na4 31. Rxb8 Rxb8 32. Qb5 Rd8 1/2-1/2

[Event "IHEM 2004"]
[Site "Hamburg"]
[Date "2004.06.02"]
[Round "6.11"]
[White "Meyer, Falko"]
[Black "Engelbert, Christoph"]
[Result "1-0"]
[WhiteElo "2368"]
[BlackElo "2213"]
[PlyCount "99"]
[EventDate "2004.??.??"]

1. e4 g6 2. d4 Bg7 3. Nc3 d6 4. Be3 Nf6 5. Qd2 c6 6. Bh6 Bxh6 7. Qxh6 Qa5 8.
Bd3 c5 9. Nge2 Nc6 10. d5 Ne5 11. Bb5+ Bd7 12. Bxd7+ Nexd7 13. O-O O-O-O 14. a3
Kb8 15. Qe3 a6 16. Rfb1 Rc8 17. h3 Qc7 18. b3 Rhe8 19. f4 e6 20. dxe6 Rxe6 21.
Qf3 Rce8 22. Ng3 h5 23. Re1 Qc6 24. Rad1 h4 25. Nf1 c4 26. b4 b5 27. Rd4 Qb6
28. Qf2 Kc7 29. Nd2 Nb8 30. e5 Nc6 31. Rxd6 Qxf2+ 32. Kxf2 Rxd6 33. exd6+ Kxd6
34. Rxe8 Nxe8 35. Nf3 Nf6 36. Ke3 Nd5+ 37. Nxd5 Kxd5 38. c3 Nd8 39. Nxh4 Nb7
40. Nf3 Nd6 41. Nd2 f6 42. Kf3 Nf5 43. g4 Nd6 44. Nf1 Ke6 45. Ng3 Ne8 46. Ne4
Kd5 47. Ke3 Nc7 48. Nxf6+ Ke6 49. Ne4 Nd5+ 50. Kf3 1-0

[Event "IHEM 2004"]
[Site "Hamburg"]
[Date "2004.06.02"]
[Round "6.12"]
[White "Zimmermann, Julian"]
[Black "Bach, Matthias"]
[Result "1-0"]
[WhiteElo "2276"]
[BlackElo "2351"]
[PlyCount "81"]
[EventDate "2004.??.??"]

1. e4 c5 2. Nf3 Nf6 3. e5 Nd5 4. Nc3 Nxc3 5. dxc3 Nc6 6. Bf4 e6 7. Bd3 h6 8. h4
d5 9. h5 b6 10. Qd2 Bb7 11. O-O-O c4 12. Be2 b5 13. Nd4 b4 14. Nxc6 Bxc6 15.
cxb4 a5 16. bxa5 Qc7 17. Qc3 Rxa5 18. a3 Bc5 19. Be3 Bxe3+ 20. Qxe3 O-O 21. f4
Rb8 22. Rhg1 Rab5 23. b4 cxb3 24. Bxb5 Rxb5 25. Rd4 Qa7 26. Kd2 Qxa3 27. Qc3
Qa7 28. Rb1 Rc5 29. Qxb3 Rxc2+ 30. Qxc2 Qxd4+ 31. Ke2 Qc4+ 32. Qxc4 dxc4 33. g3
f5 34. Rb8+ Kf7 35. Rc8 Bd5 36. Ke3 Ke7 37. Rc7+ Kf8 38. Kd4 Bf3 39. Kc5 Bxh5
40. Kd6 Be2 41. Kxe6 1-0

[Event "IHEM 2004"]
[Site "Hamburg"]
[Date "2004.06.02"]
[Round "6.13"]
[White "Maahs, Erich"]
[Black "Lindinger, Markus"]
[Result "0-1"]
[WhiteElo "2178"]
[BlackElo "2339"]
[PlyCount "104"]
[EventDate "2004.??.??"]

1. e4 d6 2. d4 Nf6 3. Bd3 e5 4. Ne2 Be7 5. O-O O-O 6. Nbc3 Nc6 7. d5 Nb8 8. f3
Nbd7 9. Be3 Ne8 10. Qd2 g6 11. g4 Ng7 12. Ng3 Nf6 13. Bh6 Kh8 14. Kh1 Ng8 15.
Bxg7+ Kxg7 16. Qg2 Kh8 17. Rg1 Bg5 18. Rae1 Bd7 19. Nd1 b5 20. Nf2 Qb8 21. Nh3
Bh4 22. Qd2 c6 23. c4 cxd5 24. cxd5 Bd8 25. Nf1 Bb6 26. Rg3 Qd8 27. Qe2 Rb8 28.
Ne3 Bd4 29. Nf2 Qb6 30. Nfd1 a5 31. g5 f6 32. h4 fxg5 33. hxg5 Rf7 34. Ng2 Rbf8
35. Nh4 Rf4 36. Qh2 Kg7 37. Rf1 b4 38. Ng2 R4f7 39. Ne1 b3 40. axb3 Qxb3 41.
Qe2 Rc8 42. Qd2 Ba4 43. Ng2 Bb5 44. Bxb5 Qxb5 45. Nge3 Rfc7 46. f4 Rc2 47. Nxc2
Qxf1+ 48. Kh2 Rxc2 49. Qxc2 exf4 50. Rg2 f3 51. Ne3 fxg2 52. Qxg2 Qf4+ 0-1

[Event "IHEM 2004"]
[Site "Hamburg"]
[Date "2004.06.02"]
[Round "6.16"]
[White "Parindra, Amran Mojo Pahit"]
[Black "Kröncke, Manfred"]
[Result "0-1"]
[WhiteElo "2032"]
[BlackElo "2190"]
[PlyCount "86"]
[EventDate "2004.??.??"]

1. Nf3 c5 2. e4 e6 3. Nc3 Nc6 4. Bc4 a6 5. a4 Qc7 6. d3 Nf6 7. O-O Be7 8. Re1
d6 9. h3 O-O 10. Bf4 b6 11. Qd2 Bb7 12. Bh2 Rac8 13. Rad1 Rfd8 14. Qe2 Nd4 15.
Nxd4 cxd4 16. Nb1 Nxe4 17. f3 Nf6 18. Bxe6 fxe6 19. Qxe6+ Kf8 20. Nd2 Bd5 21.
Qf5 Qd7 22. Qf4 Rxc2 23. g4 Bf7 24. Qxd4 d5 25. Qf2 Bc5 26. d4 Bb4 27. Bf4 Re8
28. Be5 Rxb2 29. Re2 Qxa4 30. Rc1 Qa2 31. Rd1 Bg6 32. Qe3 Qa4 33. Rde1 Kg8 34.
h4 Rxd2 35. Rxd2 Bxd2 36. Qxd2 Nd7 37. h5 Nxe5 38. dxe5 Bf7 39. Kg2 d4 40. Kg3
Qa5 41. Qe2 d3 42. Qf2 d2 43. Rd1 Qxe5+ 0-1

[Event "IHEM 2004"]
[Site "Hamburg"]
[Date "2004.06.02"]
[Round "6.17"]
[White "Limbach, Torsten"]
[Black "Mandelbaum, Peter-Rene"]
[Result "0-1"]
[WhiteElo "2079"]
[BlackElo "2155"]
[PlyCount "54"]
[EventDate "2004.??.??"]

1. c4 Nf6 2. Nf3 g6 3. Nc3 Bg7 4. g3 O-O 5. Bg2 d6 6. O-O e5 7. d4 Nbd7 8. h3
c6 9. dxe5 dxe5 10. Be3 Qe7 11. Qb3 Nh5 12. c5 Ndf6 13. Ng5 h6 14. Nge4 Nxe4
15. Nxe4 Be6 16. Qb4 f5 17. Nd6 Rab8 18. g4 fxg4 19. hxg4 Nf4 20. Bf3 Qh4 21.
Rad1 Bxg4 22. Bxf4 Rxf4 23. Qb3+ Kh7 24. Ne4 Rbf8 25. Qxb7 Rxf3 26. exf3 Bxf3
27. Ng3 Qh3 0-1

[Event "IHEM 2004"]
[Site "Hamburg"]
[Date "2004.06.02"]
[Round "6.18"]
[White "Bergsträßer, Andreas"]
[Black "Schulz, Hans-Juergen"]
[Result "0-1"]
[WhiteElo "1986"]
[BlackElo "2074"]
[PlyCount "54"]
[EventDate "2004.??.??"]

1. e4 e5 2. Nf3 Nc6 3. Bb5 a6 4. Ba4 Nf6 5. O-O Be7 6. Re1 b5 7. Bb3 O-O 8. h3
d6 9. c3 Na5 10. Bc2 c5 11. d4 Qc7 12. Nbd2 Bd7 13. Nf1 Rfe8 14. Ng3 Rad8 15.
d5 Kh8 16. Nh2 Qc8 17. f4 Ng8 18. fxe5 Bh4 19. Qf3 dxe5 20. Rf1 Nc4 21. b3 Nd6
22. Bd2 Rf8 23. Nf5 Nxf5 24. exf5 Rde8 25. Qh5 Bf6 26. Ng4 e4 27. Rfe1 g6 0-1

[Event "IHEM 2004"]
[Site "Hamburg"]
[Date "2004.06.04"]
[Round "7.1"]
[White "Löffler, Stefan"]
[Black "Rogozenko, Dorian"]
[Result "0-1"]
[WhiteElo "2413"]
[BlackElo "2531"]
[PlyCount "108"]
[EventDate "2004.??.??"]

1. Nf3 Nf6 2. c4 e6 3. d4 d5 4. Bg5 Bb4+ 5. Nc3 dxc4 6. Qa4+ Nc6 7. e4 Bd7 8.
Qc2 h6 9. Bd2 Bxc3 10. Bxc3 b5 11. Be2 a5 12. O-O Nb4 13. Qb1 Bc6 14. Nd2 Nd3
15. Bxd3 cxd3 16. d5 exd5 17. Bxf6 Qxf6 18. exd5 Bxd5 19. Qxd3 c6 20. Rfe1+ Kf8
21. a4 b4 22. Nc4 Rd8 23. Rad1 g6 24. Nxa5 Kg7 25. Nb7 Rb8 26. Nc5 Qxb2 27. Rb1
Qc3 28. Qxc3+ bxc3 29. Rbc1 Rb2 30. h3 Ra2 31. Rxc3 Rb8 32. Rcc1 Rbb2 33. Nd3
Rd2 34. Nb4 Rxa4 35. Nxc6 Rf4 36. f3 Ra4 37. Kh1 Rb2 38. Rc5 Be6 39. Nd8 Bb3
40. Rc7 Raa2 41. Nxf7 Bxf7 42. Ree7 g5 43. Rxf7+ Kg6 44. Rg7+ Kh5 45. Rc6 Rxg2
46. Rh7 Rh2+ 47. Kg1 Kh4 48. Rc4+ Kxh3 49. Rxh6+ Kg3 50. Rg4+ Kxf3 51. Ra4
Rag2+ 52. Kf1 Rf2+ 53. Kg1 Rhg2+ 54. Kh1 Rf1# 0-1

[Event "IHEM 2004"]
[Site "Hamburg"]
[Date "2004.06.04"]
[Round "7.2"]
[White "Moreno Carnero, Javier"]
[Black "Ftacnik, Lubomir"]
[Result "1/2-1/2"]
[WhiteElo "2525"]
[BlackElo "2579"]
[PlyCount "39"]
[EventDate "2004.??.??"]

1. e4 c5 2. Nf3 d6 3. d4 cxd4 4. Nxd4 Nf6 5. Nc3 a6 6. Bc4 e6 7. Bb3 Nbd7 8.
O-O Nc5 9. f4 Qc7 10. Qe2 Be7 11. e5 dxe5 12. fxe5 Nxb3 13. axb3 Bc5 14. exf6
Bxd4+ 15. Kh1 Bxf6 16. Nd5 Qe5 17. Nxf6+ gxf6 18. Qf3 Rg8 19. Bd2 Qd5 20. Qxd5
{(=)} 1/2-1/2

[Event "IHEM 2004"]
[Site "Hamburg"]
[Date "2004.06.04"]
[Round "7.3"]
[White "Rozentalis, Eduardas"]
[Black "Souleidis, Georgios"]
[Result "1-0"]
[WhiteElo "2619"]
[BlackElo "2398"]
[PlyCount "83"]
[EventDate "2004.??.??"]

1. e4 c5 2. Nf3 Nc6 3. c3 Nf6 4. e5 Nd5 5. Bc4 Nb6 6. Bb3 c4 7. Bc2 d6 8. exd6
Qxd6 9. O-O Bg4 10. Re1 e6 11. b3 Be7 12. h3 Bh5 13. Na3 Qc5 14. b4 Qd6 15. Qe2
Qc7 16. Be4 a5 17. bxa5 Rxa5 18. Nxc4 Nd4 19. cxd4 Nxc4 20. d3 Nb6 21. Bd2 Ra7
22. Rec1 Qd8 23. Bf4 Nd5 24. Bxd5 Qxd5 25. Rc8+ Bd8 26. Qe5 Qxe5 27. Nxe5 f6
28. Nc4 O-O 29. Bd6 Be7 30. Rc7 Bxd6 31. Nxd6 Be2 32. Rxb7 Rxb7 33. Nxb7 Bxd3
34. a4 Bc4 35. a5 Ra8 36. Nc5 Kf7 37. a6 Ke7 38. Ra4 Bd5 39. a7 e5 40. dxe5
fxe5 41. Ra6 Bc4 42. Ra5 1-0

[Event "IHEM 2004"]
[Site "Hamburg"]
[Date "2004.06.04"]
[Round "7.4"]
[White "Farago, Ivan"]
[Black "Handke, Florian"]
[Result "1-0"]
[WhiteElo "2507"]
[BlackElo "2456"]
[PlyCount "109"]
[EventDate "2004.??.??"]

1. d4 d5 2. c4 c6 3. Nf3 Nf6 4. Nc3 a6 5. c5 Nbd7 6. Bf4 Nh5 7. e3 Nxf4 8. exf4
g6 9. h4 b6 10. cxb6 Qxb6 11. Qd2 Rb8 12. b3 Nf6 13. Rc1 Ne4 14. Nxe4 dxe4 15.
Ne5 e6 16. Nxc6 Bb7 17. Nxb8 Bb4 18. Rc3 e3 19. Qxe3 Ke7 20. a3 Bxc3+ 21. Qxc3
Rc8 22. Qb4+ Qxb4+ 23. axb4 Rxb8 24. Kd2 Bd5 25. Kc3 Rc8+ 26. Bc4 Bxg2 27. Ra1
Bb7 28. Ra5 Rc6 29. b5 axb5 30. Rxb5 Ba6 31. Rc5 Rb6 32. Rc7+ Ke8 33. b4 Kd8
34. Ra7 Bb5 35. Bxb5 Rxb5 36. Rxf7 Rh5 37. Kc4 Rxh4 38. b5 Rh1 39. Kc5 Kc8 40.
Rg7 Rc1+ 41. Kd6 Rd1 42. Rc7+ Kb8 43. Rxh7 Rxd4+ 44. Ke5 Rd2 45. f3 Rd3 46. Ke4
Rb3 47. Rg7 Rxb5 48. Rxg6 Kc7 49. Rxe6 Kd7 50. Re5 Rb4+ 51. Kf5 Rb8 52. Kg6 Kd6
53. Re3 Rg8+ 54. Kf7 Rg2 55. Rd3+ 1-0

[Event "IHEM 2004"]
[Site "Hamburg"]
[Date "2004.06.04"]
[Round "7.5"]
[White "Haba, Petr"]
[Black "Sawadkuhi, Massoud"]
[Result "1-0"]
[WhiteElo "2513"]
[BlackElo "2254"]
[PlyCount "65"]
[EventDate "2004.??.??"]

1. e4 e6 2. d4 d5 3. e5 c5 4. c3 Qb6 5. Nf3 Bd7 6. a3 a5 7. Bd3 Nc6 8. O-O a4
9. Bc2 Qb5 10. dxc5 Bxc5 11. Nd4 Qb6 12. Nxc6 Bxc6 13. Qg4 Ne7 14. Nd2 Ng6 15.
Qg3 Bb5 16. Re1 f5 17. exf6 O-O 18. Bxg6 hxg6 19. Nf3 Rxf6 20. Be3 Raf8 21.
Rad1 Bxe3 22. Rxe3 Bc4 23. Rd2 Bb5 24. h3 Bd7 25. Nd4 Re8 26. Re5 Qd6 27. Rde2
Qf8 28. R2e3 Qf7 29. Rg5 e5 30. Rgxe5 Rxe5 31. Rxe5 Rb6 32. Re2 Bf5 33. Qb8+
1-0

[Event "IHEM 2004"]
[Site "Hamburg"]
[Date "2004.06.04"]
[Round "7.6"]
[White "Kopylov, Michael"]
[Black "Hector, Johnny"]
[Result "0-1"]
[WhiteElo "2433"]
[BlackElo "2512"]
[PlyCount "112"]
[EventDate "2004.??.??"]

1. d4 d5 2. c4 c6 3. cxd5 cxd5 4. Nf3 Nf6 5. Nc3 Nc6 6. Bf4 Bf5 7. e3 e6 8. Qb3
Bb4 9. Bb5 Bxc3+ 10. Qxc3 O-O 11. O-O Ne4 12. Qa3 g5 13. Bg3 f6 14. Bxc6 bxc6
15. Rac1 {(=)} Rc8 16. Rfd1 Bg4 17. h3 Bh5 18. Qxa7 Nxg3 19. fxg3 g4 20. hxg4
Bxg4 21. Qa6 Qd6 22. Kf2 Kh8 23. Rh1 Rg8 24. Nh4 e5 25. Qa3 Qc7 26. dxe5 fxe5
27. Qc3 c5 28. Qd3 Qf7+ 29. Kg1 c4 30. Qc3 Qg7 31. Rf1 d4 32. exd4 exd4 33. Qd2
c3 34. bxc3 dxc3 35. Qf4 Rgf8 36. Qc1 Rxf1+ 37. Qxf1 c2 38. Qc1 Bd1 39. Kh2 Rc3
40. Nf5 Qg6 41. Rf1 Qf6 42. a4 Rc5 43. Ne3 Qh6+ 44. Kg1 Rc3 45. Re1 Qg5 46. Kh2
Be2 47. Nxc2 Qxg3+ 48. Kg1 Rxc2 49. Qxc2 Qxe1+ 50. Kh2 Qh4+ 51. Kg1 Qd4+ 52.
Kh2 Qd6+ 53. Kg1 Qd1+ 54. Qxd1 Bxd1 55. a5 Be2 56. Kf2 Ba6 0-1

[Event "IHEM 2004"]
[Site "Hamburg"]
[Date "2004.06.04"]
[Round "7.7"]
[White "Von Buelow, Georg"]
[Black "Lanka, Zigurds"]
[Result "1/2-1/2"]
[WhiteElo "2339"]
[BlackElo "2461"]
[PlyCount "128"]
[EventDate "2004.??.??"]

1. e4 c5 2. Nf3 Nc6 3. Bb5 g6 4. Bxc6 dxc6 5. d3 Bg7 6. h3 Nf6 7. Nc3 O-O 8.
Be3 b6 9. Qd2 e5 10. Bh6 Qd6 11. O-O Nh5 12. Bxg7 Nxg7 13. Ne2 a5 14. Rad1 f6
15. Nh2 g5 16. Rfe1 Kh8 17. c3 Be6 18. b3 a4 19. Qb2 axb3 20. axb3 Rfd8 21. Nf1
Nh5 22. d4 Nf4 23. d5 cxd5 24. exd5 Bf5 25. Ne3 Bg6 26. Nxf4 gxf4 27. Ng4 Ra7
28. c4 h5 29. Nh2 Rg7 30. f3 Kh7 31. Qf2 f5 32. Qh4 Rdg8 33. Kh1 Kh8 34. Re2
Re8 35. Rf1 Kg8 36. Ra2 Rf8 37. Rfa1 e4 38. fxe4 fxe4 39. Ra8 Rgf7 40. Rxf8+
Rxf8 41. Qg5 Qf6 42. Qxf6 Rxf6 43. Kg1 Kf7 44. Ra7+ Ke8 45. Kf1 Bf7 46. Rb7 Kd8
47. d6 Bg6 48. Rxb6 Kd7 49. Ke2 Rxd6 50. Rb5 Kc6 51. Rb8 Rd7 52. Rf8 Bf7 53.
Nf1 Kd6 54. Nd2 Ke5 55. Rc8 Kd4 56. Rc6 h4 57. Rh6 Ra7 58. Rxh4 Ke5 59. g3 fxg3
{(=)} 60. Rxe4+ Kf5 61. Kf3 Bh5+ 62. Kxg3 Rg7+ 63. Kf2 Rd7 64. Ke3 Rxd2 1/2-1/2

[Event "IHEM 2004"]
[Site "Hamburg"]
[Date "2004.06.04"]
[Round "7.8"]
[White "Pajeken, Wolfgang"]
[Black "Cording, Harm"]
[Result "1-0"]
[WhiteElo "2323"]
[BlackElo "2253"]
[PlyCount "103"]
[EventDate "2004.??.??"]

1. Nf3 d5 2. c4 d4 3. e3 Nc6 4. exd4 Nxd4 5. Nxd4 Qxd4 6. Nc3 Bf5 7. Qf3 Qe5+
8. Be2 O-O-O 9. d4 Rxd4 10. Be3 Rd7 11. g4 Bg6 12. O-O h5 13. g5 e6 14. Bf4 Qf5
15. Rfd1 Bd6 16. Bxd6 Qxf3 17. Bxf3 cxd6 18. Nb5 Bc2 19. Rxd6 Ne7 20. Nxa7+ Kd8
21. Nb5 Nc6 22. Rc1 Bg6 23. Rcd1 Rxd6 24. Rxd6+ Ke7 25. Bxc6 bxc6 26. Rxc6 Rd8
27. Rc7+ Ke8 28. Nc3 Rd2 29. Rb7 h4 30. h3 Rd4 31. a4 Rxc4 32. a5 Kd8 33. a6
Kc8 34. Rb3 Rc7 35. Nb5 Rc1+ 36. Kh2 Kb8 37. Rb4 Rc5 38. Nd6+ Ka7 39. Nxf7 Kxa6
40. Nh8 Be8 41. Rxh4 Rxg5 42. Rg4 Rxg4 43. hxg4 g5 44. Kg3 e5 45. Kf3 Bc6+ 46.
Ke3 Bd7 47. Nf7 Bxg4 48. Nxg5 Kb5 49. Nf3 Kb4 50. Nxe5 Bh5 51. Kd2 Kb3 52. Kc1
1-0

[Event "IHEM 2004"]
[Site "Hamburg"]
[Date "2004.06.04"]
[Round "7.9"]
[White "Stanke, Juergen"]
[Black "Meyer, Falko"]
[Result "1-0"]
[WhiteElo "2306"]
[BlackElo "2368"]
[PlyCount "167"]
[EventDate "2004.??.??"]

1. d4 Nf6 2. c4 c5 3. d5 b5 4. cxb5 e6 5. Nc3 exd5 6. Nxd5 Bb7 7. Nxf6+ Qxf6 8.
Nf3 d5 9. g3 Bd6 10. Bg2 O-O 11. O-O a6 12. bxa6 Rxa6 13. a3 Re8 14. Rb1 Qf5
15. Bd2 Bc6 16. Re1 Nd7 17. Qc1 Ba8 18. b4 d4 19. bxc5 Qxc5 20. Bb4 Qxc1 21.
Rbxc1 Bxb4 22. axb4 Rb6 23. Rc7 Nf8 24. Rc4 Bxf3 25. Bxf3 d3 26. Rd4 Ne6 27.
exd3 Reb8 28. Rd7 Rxb4 29. Bd5 Rb1 30. Rxb1 Rxb1+ 31. Kg2 Re1 32. h4 h5 33.
Bxe6 Rxe6 34. Rd8+ Kh7 35. d4 g6 36. Kf3 Kg7 37. Ra8 Re1 38. Ra2 Kf6 39. Re2
Ra1 40. Ke4 Ke6 41. Kf4+ Kf6 42. Rb2 Ra6 43. Ke4 Ke6 44. Rb7 f5+ 45. Kf4 Kf6
46. Rb3 Re6 47. Rd3 Ra6 48. Rc3 Re6 49. f3 Rd6 50. Rc4 Rd5 51. Rc6+ Kg7 52. Ke3
Ra5 53. Rc5 Ra4 54. Rc6 Ra3+ 55. Kf4 Kf7 56. d5 Rd3 57. Rd6 Kg7 58. Kg5 Rxf3
59. Rxg6+ Kf7 60. Kxh5 f4 61. g4 Rd3 62. Rg5 f3 63. Rf5+ Kg7 64. Kg5 f2 65.
Rxf2 Rxd5+ 66. Rf5 Rd7 67. Re5 Ra7 68. h5 Rf7 69. h6+ Kh7 70. Kh5 Rf1 71. Re7+
Kh8 72. Kg6 Rf8 73. g5 Kg8 74. Rg7+ Kh8 75. Rd7 Kg8 76. Rg7+ Kh8 77. Rd7 Rg8+
78. Kh5 Ra8 79. g6 Ra5+ 80. Kg4 Ra4+ 81. Kf5 Ra5+ 82. Kf6 Ra6+ 83. Kf7 Ra8 84.
Ke7 1-0

[Event "IHEM 2004"]
[Site "Hamburg"]
[Date "2004.06.04"]
[Round "7.10"]
[White "Lindinger, Markus"]
[Black "Hess, Christian"]
[Result "1/2-1/2"]
[WhiteElo "2339"]
[BlackElo "2305"]
[PlyCount "35"]
[EventDate "2004.??.??"]

1. e4 e6 2. d4 d5 3. Nc3 Nf6 4. Bg5 dxe4 5. Nxe4 Be7 6. Bxf6 Bxf6 7. Nf3 Nd7 8.
Bd3 c5 9. dxc5 Nxc5 10. Bb5+ Ke7 11. Qxd8+ Rxd8 12. Nxc5 Rd5 13. Na6 Bxb2 14.
Rb1 Rxb5 15. Nc7 Bc3+ 16. Ke2 Rxb1 17. Rxb1 Rb8 18. Na6 {(=)} 1/2-1/2

[Event "IHEM 2004"]
[Site "Hamburg"]
[Date "2004.06.04"]
[Round "7.11"]
[White "Vandrey, Wolfgang"]
[Black "Reddmann, Hauke"]
[Result "1/2-1/2"]
[WhiteElo "2302"]
[BlackElo "2338"]
[PlyCount "58"]
[EventDate "2004.??.??"]

1. d4 Nf6 2. Nf3 e6 3. g3 c5 4. Bg2 cxd4 5. O-O Nc6 6. Nxd4 Qb6 7. Nb3 d5 8.
Be3 Qd8 9. c4 dxc4 10. Qxd8+ Nxd8 11. N3d2 Nd5 12. Nxc4 Nxe3 13. Nxe3 Bc5 14.
Nc4 Bd7 15. Nc3 Ke7 16. Ne4 Rc8 17. Ne5 Bb6 18. Nxd7 Kxd7 19. Rfd1+ Ke7 20. b3
Rc2 21. e3 Nc6 22. Nd6 Rd8 23. Nxb7 Rxd1+ 24. Rxd1 Ne5 25. Nd6 Ng4 26. Be4 Rxa2
27. Nc8+ Kf8 28. Nxb6 axb6 29. Rf1 Rb2 {(=)} 1/2-1/2